000 00668nam a2200229Ia 4500
003 OSt
005 20221002051506.0
006 a|||||r|||| 00| 0
007 ta
008 220930b |||||||| |||| 00| 0 eng d
024 _a28973
037 _cReference Collections
040 _aCRL
_cCRL
_beng
041 _2eng
_aeng
082 _aX8(HZ).D, M9.1-.2(RR)
100 _aKuppuram G
245 0 _aAncient Indian mining metallurgy and metal industries .
260 _aDelhi
_bSundeep
_c1989
650 _aMINES AND MINERAL RESOURCES
_920940
942 _hX8(HZ).D, M9.1-.2(RR)
_cref
_2CC
999 _c917000
_d917000